පඬුවස්නුවර සහ වයඹ රාජධානි

[Paduvasnuvara saha vayaba rajadaniya]
Saved in:
Bibliographic Details
Main Author: හල්පෙ, පියතිලක
Format: Book
Language:English
Published: දන්කොටුව : වාසනා පොත් ප්‍රකාශකයෝ, 2010.
Subjects:
Tags: Add Tag
No Tags, Be the first to tag this record!

MARC

LEADER 00000nam a22000007a 4500
005 20260112102527.0
008 260112b |||||||| |||| 00| 0 eng d
020 |a 9789556558975 
082 |a 954.93  |b හල්පෙ 
100 |a හල්පෙ, පියතිලක 
245 |6 880-01  |a පඬුවස්නුවර සහ වයඹ රාජධානි  |c  / පියතිලක හල්පෙ 
260 |a දන්කොටුව :  |b වාසනා පොත් ප්‍රකාශකයෝ,  |c 2010. 
300 |a පි. 191 ;  |b රු. 200.00  |c සෙමි. 21 
650 0 |a ඉතිහාසය සහ භූගෝල විද්‍යාව 
650 0 |a දකුණු ආසියාව ඉන්දියාව 
650 0 |a ඉතිහාසය - ශ්‍රී ලංකාව 
880 |6 245-01  |a [Paduvasnuvara saha vayaba rajadaniya] 
942 |2 ddc  |c LBK 
999 |c 25398  |d 25398